| 000 | 00504 a2200157 4500 | ||
|---|---|---|---|
| 020 | _a 8173196583 | ||
| 040 |
_aDLC _bDLC |
||
| 082 | _a510.2462 | ||
| 100 | _aBabu, A. Chandra. | ||
| 245 |
_aNew Engineering Mathematics (Vol 1) _cA. Chandra, Babu. |
||
| 260 |
_aNew Delhi: _b Narosa Publishing House Pvt. Ltd., _c2006. |
||
| 300 |
_avol,i. x, (various pagings) : _bill. ; _c24 cm. |
||
| 500 | _aIncludes Index | ||
| 650 | _a1.Engineering Mathematics. 2.Mathematics physics. | ||
| 942 |
_cBK _k510.2462 BAB _2ddc |
||
| 999 |
_c7485 _d7485 |
||